| 000 | 01182nam a2200217Ia 4500 | ||
|---|---|---|---|
| 999 |
_c44868 _d44868 |
||
| 001 | 11682 | ||
| 003 | GE_BSU | ||
| 005 | 20250908174613.0 | ||
| 008 | 181216s1963||||ge |||||||||||||| ||geo|| | ||
| 040 | _cGE_BSU | ||
| 041 | _ageo | ||
| 080 | _a636:611–018(075.8)+636:611.013(075.8) ი–37 | ||
| 100 |
_aივანოვი, ი.ფ. _925781 |
||
| 245 |
_aშინაურ ცხოველთა ზოგადი ჰისტოლოგია ემბრიოლოგიის საფუძვლებით : _b[დამხმ. სახელმძღვ. სავეტ. ინ-ტებისა და ფაკ-ტებისათვის] / _c ი. ივანოვი ; რედ.: შ. ჩხარტიშვილი. |
||
| 264 |
_aთბილისი: _bცოდნა, _c1963. |
||
| 300 |
_a386 გვ.: _bილ.; _c22 სმ. |
||
| 653 | _aშინაური ცხოველების ჰისტოლოგია | ||
| 653 | _aშინაური ცხოველების ემბრიოლოგია | ||
| 700 |
_aჩხარტიხვილი, შ. _eრედაქტორი _925782 |
||
| 942 |
_cBK _2udc |
||